000 00531cam a22002171 4500
001 sa 65004155
003 DLC
005 20260227112128.0
008 881028s1964 xx 000 0 beno
010 _asa 65004155
035 _a(OCoLC)23571559
040 _aDLC
_cMiU
_dDLC
042 _apremarc
050 0 0 _aPK1718.T24
_bZ782
100 1 _aMukherji, Amulya Dhan,
_d1902-
245 1 0 _aKabiguru.
260 _c[1964]
300 _a8, 214 p.
_c20 cm.
500 _aRomanized.
600 1 0 _aTagore, Rabindranath,
_d1861-1941
999 _c63574
_d63574